000 nam a22 7a 4500
999 _c7775
_d7775
008 171009b xxu||||| |||| 00| 0 eng d
100 _94254
_aMohan
245 _aNew Edgeways
260 _aNew Delhi